| 000 | 01149nam a2200301 a 4500 | ||
|---|---|---|---|
| 001 | 000113134 | ||
| 003 | CHAP | ||
| 005 | 20220329144340.0 | ||
| 008 | 170428s2016 mx sm |||||||spa d | ||
| 010 | _a109595 | ||
| 011 | _a110567 | ||
| 040 | _cCHAP | ||
| 090 | _aTesis | ||
| 100 | 1 |
_aSánchez Olguín, Sarai Amalia _9132055 |
|
| 245 | 1 | 0 |
_aRendimiento de maíz (Zea mays) en condiciones actuales y escenarios de cambio climático para el municipio de Ixmiquilpan, Hidalgo _h[En línea] _cpor Sarai Amalia Sánchez Olguin. |
| 260 |
_aChapingo, Méx. : _bEl autor, _c2016. |
||
| 500 | _aPara ver el contenido del material haga clic en la liga | ||
| 502 | _aTesis (Ing. en Recursos Naturales Renovables) -- UACH. Departamento de Suelos | ||
| 590 |
_aE11695DGD _b10 _c20170428 _lUCH01 _h1521 |
||
| 590 |
_aE5765TAJ _b05 _c20170428 _lUCH01 _h0921 |
||
| 590 |
_aE5765TAJ _b05 _c20170428 _lUCH01 _h0921 |
||
| 650 | 1 | 4 |
_aMaíz _xEfecto del clima. _970934 |
| 650 | 1 | 4 |
_aMaíz _xRendimiento _xModelos de simulación. _9132056 |
| 856 |
_aFinding aid _uhttp://10.13.5.2/tesis/sist113134.pdf _zTeclea aquí |
||
| 901 | _aBK | ||
| 942 | _cTESIS | ||
| 942 | _n0 | ||
| 999 |
_c109595 _d109595 |
||